The noble scholar, jurist, historian


 His Excellency Dr. Abdul Wahhab bin Ibrahim Abu Sulaiman, may Allah have mercy on him.


 He was born in Umm Al-Qura in the year 1356 AH.

الشيخ العلامة عبد الله بن محمد بن حميد كما عرفته / (Record no. 12088)

MARC details
000 -LEADER
fixed length control field 01118cam a22002651i 4500
003 - CONTROL NUMBER IDENTIFIER
control field SA-RiAUC
005 - DATE AND TIME OF LATEST TRANSACTION
control field 20250925074101.0
008 - FIXED-LENGTH DATA ELEMENTS--GENERAL INFORMATION
fixed length control field 250925s2011 su g 000 0bara c
020 ## - INTERNATIONAL STANDARD BOOK NUMBER
International Standard Book Number 9786039021124
040 ## - CATALOGING SOURCE
Original cataloging agency SA-RiIMS
Language of cataloging ara
Transcribing agency SA-RiAUC
Description conventions rda
082 04 - DEWEY DECIMAL CLASSIFICATION NUMBER
Classification number 922.58
Assigning agency SA-RiAUC
090 ## - LOCALLY ASSIGNED LC-TYPE CALL NUMBER (OCLC); LOCAL CALL NUMBER (RLIN)
Classification number (OCLC) (R) ; Classification number, CALL (RLIN) (NR) 922.58
Local cutter number (OCLC) ; Book number/undivided call number, CALL (RLIN) ع ب و
100 1# - MAIN ENTRY--PERSONAL NAME
Personal name العبودي، محمد بن ناصر،
Dates associated with a name 1345-1443 هجري
Relator term مؤلف.
245 12 - TITLE STATEMENT
Title الشيخ العلامة عبد الله بن محمد بن حميد كما عرفته /
Statement of responsibility, etc. بقلم محمد بن ناصر العبودي.
250 ## - EDITION STATEMENT
Edition statement الطبعة الأولى.
264 #1 - PRODUCTION, PUBLICATION, DISTRIBUTION, MANUFACTURE, AND COPYRIGHT NOTICE
Place of production, publication, distribution, manufacture الرياض :
Name of producer, publisher, distributor, manufacturer دار الثلوثية للنشر والتوزيع،
Date of production, publication, distribution, manufacture, or copyright notice 2011
300 ## - PHYSICAL DESCRIPTION
Extent 2 مجلد ؛
Dimensions 24 سم
336 ## - CONTENT TYPE
Content type term نص
Content type code txt
Source rdacontent
Materials specified كتاب
337 ## - MEDIA TYPE
Media type term بدون وسيط
Media type code n
Source rdamedia
338 ## - CARRIER TYPE
Carrier type term مجلد
Carrier type code nc
Source rdacarrier
600 17 - SUBJECT ADDED ENTRY--PERSONAL NAME
Personal name ابن حميد، عبد الله بن محمد بن عبد العزيز،
Dates associated with a name 1329-1402 هجري
Source of heading or term aucnm
650 #7 - SUBJECT ADDED ENTRY--TOPICAL TERM
Topical term or geographic name entry element الفقهاء السعوديون
Form subdivision تراجم
Source of heading or term aucsh
942 ## - ADDED ENTRY ELEMENTS (KOHA)
Source of classification or shelving scheme Dewey Decimal Classification
Koha item type Books
Suppress in OPAC No
949 ## - LOCAL PROCESSING INFORMATION (OCLC)
a SA-JeALM
d 250925
u eid123
n 1
Holdings
Withdrawn status Lost status Source of classification or shelving scheme Materials specified (bound volume or other part) Damaged status Not for loan Home library Current library Date acquired Total checkouts Full call number Barcode Date last seen Price effective from Koha item type
    Dewey Decimal Classification الجزء الاول     DR AbdElwahab Library DR AbdElwahab Library 09/25/2025   922.58 ع ب و 000019451 09/25/2025 09/25/2025 Books
    Dewey Decimal Classification الجزء الثاني     DR AbdElwahab Library DR AbdElwahab Library 02/04/2026   922.58 ع ب و 000019452 02/04/2026 02/04/2026 Books
    Dewey Decimal Classification الجزء الاول     DR AbdElwahab Library DR AbdElwahab Library 02/04/2026   922.58 ع ب و 000002302 02/04/2026 02/04/2026 Books
    Dewey Decimal Classification الجزء الثاني     DR AbdElwahab Library DR AbdElwahab Library 02/04/2026   922.58 ع ب و 000002463 02/04/2026 02/04/2026 Books